000 00739nam a2200289Ia 4500
005 20260324143712.0
008 008 260324s9999 xx 000 0 eng d
020 _a9780203751947
037 _aEBOOK
040 _aCRL
040 _beng
040 _cCRL
041 _2eng
041 _aeng
084 _qCRL
100 _aColin T. Mant; Robert S. Hodges
_91216608
245 0 _aHigh-Performance Liquid Chromatography of Peptides and Proteins
245 0 _bSeparation, Analysis, and Conformation
260 _bTaylor and Francis
260 _c1991
365 _a
365 _b1040
856 _uhttp://www.taylorfrancis.com/books/9780203751947
942 _cEBOOK
999 _c1822321
_d1822321